[Event "GER-ch Net Amateur Gr-B Final"]
[Site "Playchess.com INT"]
[Date "2020.04.18"]
[Round "9"]
[White "Kettner Nikolaus, Frank"]
[Black "Toepper, Olaf"]
[Result "1-0"]
[WhiteElo "1735"]
[BlackElo "1719"]
[PlyCount "89"]
[EventDate "2020.04.18"]
[EventType "swiss (blitz)"]
[EventRounds "13"]
[EventCountry "GER"]
[SourceTitle "CBM 195 Extra"]
[Source "ChessBase"]
[SourceDate "2020.05.31"]
[SourceVersion "1"]
[SourceVersionDate "2020.05.31"]
[SourceQuality "1"]

1. d4 Nf6 2. Bf4 d5 3. c3 c5 4. e3 Qb6 5. Qc2 Nc6 6. Nf3 Bf5 7. Qb3 c4 8. Qxb6 axb6 9. Nbd2 e6 10. Nh4 Bd3 11. Bxd3 cxd3 12. 0-0 b5 13. Nb3 h6 14. Bg3 b4 15. Rfd1 bxc3 16. bxc3 Ne4 17. Rxd3 b5 18. Nf3 b4 19. cxb4 Nxb4 20. Rdd1 Nxg3 21. hxg3 Rxa2 22. Rxa2 Nxa2 23. Ra1 Nc3 24. Ra8+ Ke7 25. Ne5 g6 26. Ra7+ Ke8 27. Nxf7 Rg8 28. Ne5 Bd6 29. Nd7 Ke7 30. Nbc5 Rb8 31. Nxb8+ Kf6 32. Nbd7+ Kg5 33. f3 Ne2+ 34. Kf2 Nc3 35. Nxe6+ Kf5 36. Ng7+ Kg5 37. f4+ Kg4 38. Ne5+ Bxe5 39. dxe5 Ne4+ 40. Kg1 Nxg3 41. e6 Ne2+ 42. Kf2 Ng3 43. e7 Ne4+ 44. Kg1 Nf6 45. Ra6 1-0

[Event "GER-ch Net Amateur Gr-B Final"]
[Site "Playchess.com INT"]
[Date "2020.04.18"]
[Round "7"]
[White "Rodriguez, Jose Maria"]
[Black "Toepper, Olaf"]
[Result "0-1"]
[WhiteElo "1734"]
[BlackElo "1719"]
[PlyCount "60"]
[EventDate "2020.04.18"]
[EventType "swiss (blitz)"]
[EventRounds "13"]
[EventCountry "GER"]
[SourceTitle "CBM 195 Extra"]
[Source "ChessBase"]
[SourceDate "2020.05.31"]
[SourceVersion "1"]
[SourceVersionDate "2020.05.31"]
[SourceQuality "1"]

1. e4 c5 2. d3 Nc6 3. f4 e6 4. Nf3 Nf6 5. g3 Be7 6. Bg2 0-0 7. 0-0 Qb6 8. Kh1 c4 9. dxc4 Nxe4 10. Qe2 Nf6 11. b3 Bc5 12. Bb2 Ng4 13. h3 Ne3 14. Re1 Nxg2 15. Kxg2 Nd4 16. Nxd4 Bxd4 17. c3 Bf6 18. Nd2 Qc6+ 19. Kh2 d5 20. Rac1 dxc4 21. Nxc4 b5 22. Ne5 Bxe5 23. fxe5 Bb7 24. c4 bxc4 25. Rxc4 Qd5 26. Rd4 Qc6 27. Ba3 Rfc8 28. Rc4 Qd5 29. Rec1 Rxc4 30. Qe1 Qg2# 0-1

[Event "GER-ch Net Amateur Gr-B Vor3"]
[Site "Playchess.com INT"]
[Date "2020.04.16"]
[Round "7"]
[White "Kosovska, Olena"]
[Black "Toepper, Olaf"]
[Result "0-1"]
[WhiteElo "1784"]
[BlackElo "1634"]
[PlyCount "70"]
[EventDate "2020.04.16"]
[EventType "swiss (blitz)"]
[EventRounds "9"]
[EventCountry "GER"]
[SourceTitle "CBM 195 Extra"]
[Source "ChessBase"]
[SourceDate "2020.05.31"]
[SourceVersion "1"]
[SourceVersionDate "2020.05.31"]
[SourceQuality "1"]

1. c4 Nf6 2. Nc3 c5 3. g3 Nc6 4. Bg2 e6 5. Nf3 d5 6. cxd5 exd5 7. d4 cxd4 8. Nxd4 Be7 9. 0-0 0-0 10. a3 Bg4 11. h3 Bh5 12. Bg5 h6 13. Bf4 Qd7 14. Kh2 Rfd8 15. Rc1 Rac8 16. Nf3 Bg6 17. Ne5 Nxe5 18. Bxe5 d4 19. Na2 Rxc1 20. Qxc1 Qe6 21. f4 Qxa2 22. Qc7 Qe6 23. Bxb7 d3 24. exd3 Rxd3 25. Rf2 Rd1 26. Bf3 Ne4 27. Re2 Rd2 28. Qxa7 Rxe2+ 29. Bxe2 Bc5 30. Qa8+ Kh7 31. Qa4 Qd5 32. Qb5 Qd2 33. b4 Qe3 34. bxc5 Qf2+ 35. Kh1 Nxg3# 0-1

[Event "GER-ch Seniors 50"]
[Site "Hamburg"]
[Date "2018.07.28"]
[Round "8"]
[White "Toepper, Olaf"]
[Black "Bertram, Thomas"]
[Result "1-0"]
[WhiteElo "1906"]
[BlackElo "1671"]
[PlyCount "63"]
[EventDate "2018.07.21"]
[EventType "swiss"]
[EventRounds "9"]
[EventCountry "GER"]
[SourceTitle "CBM 186 Extra"]
[Source "ChessBase"]
[SourceDate "2018.08.24"]
[SourceVersion "1"]
[SourceVersionDate "2018.08.24"]
[SourceQuality "1"]

1. d4 Nf6 2. c4 c5 3. d5 b5 4. cxb5 a6 5. bxa6 Bxa6 6. Nc3 g6 7. e4 Bxf1 8. Kxf1 d6 9. g3 Bg7 10. Kg2 0-0 11. Nf3 Nbd7 12. a4 Qb6 13. Qe2 Rfb8 14. Bd2 Ng4 15. Rhb1 Nge5 16. Nxe5 Bxe5 17. Nb5 Rb7 18. Bc3 g5 19. Qg4 h6 20. f4 Nf6 21. Qf3 gxf4 22. gxf4 Bxc3 23. Nxc3 Kh7 24. h3 Rg8+ 25. Kh1 c4 26. e5 dxe5 27. fxe5 Nh5 28. Qxh5 Qf2 29. Qe2 Qg3 30. Qf1 Rb3 31. Qf5+ Kh8 32. Rg1 1-0

[Event "GER-ch Seniors 50"]
[Site "Hamburg"]
[Date "2018.07.22"]
[Round "2"]
[White "Toepper, Olaf"]
[Black "Kopisch, Martin"]
[Result "1/2-1/2"]
[WhiteElo "1906"]
[BlackElo "2114"]
[PlyCount "57"]
[EventDate "2018.07.21"]
[EventType "swiss"]
[EventRounds "9"]
[EventCountry "GER"]
[SourceTitle "CBM 186 Extra"]
[Source "ChessBase"]
[SourceDate "2018.08.24"]
[SourceVersion "1"]
[SourceVersionDate "2018.08.24"]
[SourceQuality "1"]

1. Nf3 f5 2. c4 e6 3. Nc3 Nf6 4. g3 d5 5. e3 c6 6. b3 Be7 7. Qc2 0-0 8. Bg2 Bd7 9. 0-0 Be8 10. Bb2 Bh5 11. d3 Bxf3 12. Bxf3 e5 13. Rad1 Na6 14. Ne2 Bd6 15. a3 Qe7 16. b4 Rad8 17. Qb3 Qf7 18. cxd5 cxd5 19. Bg2 Nc7 20. Nc3 Kh8 21. Bc1 Qe6 22. e4 fxe4 23. dxe4 d4 24. Qxe6 Nxe6 25. Ne2 g5 26. Bd2 Rc8 27. Rc1 Kg7 28. Rxc8 Rxc8 29. Rc1 1/2-1/2

[Event "Berlin Lichtenrade op 12th"]
[Site "Berlin"]
[Date "2016.10.24"]
[Round "3"]
[White "Wierzbicki, Jirawat"]
[Black "Toepper, Olaf"]
[Result "1/2-1/2"]
[WhiteElo "2108"]
[BlackElo "1898"]
[PlyCount "98"]
[EventDate "2016.10.22"]
[EventType "swiss"]
[EventRounds "9"]
[EventCountry "GER"]
[SourceTitle "EXT 2018"]
[Source "ChessBase"]
[SourceDate "2017.10.13"]
[SourceVersion "1"]
[SourceVersionDate "2017.10.13"]
[SourceQuality "1"]

1. e4 c5 2. c3 d5 3. exd5 Nf6 4. Nf3 Nxd5 5. d4 e6 6. Bc4 cxd4 7. cxd4 Bb4+ 8. Nbd2 0-0 9. 0-0 Nc6 10. Qe2 Na5 11. Bb5 a6 12. Ba4 b5 13. Bc2 Bb7 14. Ne4 Be7 15. a3 Nf6 16. Rd1 Rc8 17. Bf4 Nxe4 18. Bxe4 Bxe4 19. Qxe4 Bf6 20. Ne5 Nc4 21. b3 Nb6 22. Qb7 Nd5 23. Bd2 Qb6 24. Qxb6 Nxb6 25. Ba5 Nd5 26. Nd7 Rfe8 27. Nxf6+ Nxf6 28. Rac1 h6 29. g3 Nd5 30. Rc5 Rxc5 31. dxc5 Rc8 32. b4 Kf8 33. Kg2 Ke8 34. Kf3 Kd7 35. Ke4 Kc6 36. Ke5 Re8 37. Rd3 f6+ 38. Ke4 Re7 39. f4 Rd7 40. g4 Ne7 41. Rxd7 Kxd7 42. f5 e5 43. h4 Kc6 44. Bd8 Kd7 45. Bxe7 Kxe7 46. Kd5 Kd7 47. Ke4 Kc6 48. Ke3 a5 49. Ke4 a4 1/2-1/2

[Event "Schleswig Holstein-ch cand-B 56th"]
[Site "Eckernfoerde"]
[Date "2001.04.??"]
[Round "2"]
[White "Bohner, Joerg"]
[Black "Toepper, Olaf"]
[Result "1-0"]
[WhiteElo "1818"]
[BlackElo "1868"]
[PlyCount "63"]
[EventDate "2001.04.??"]
[EventType "swiss"]
[EventRounds "9"]
[EventCountry "GER"]
[SourceTitle "EXT 2004"]
[Source "ChessBase"]
[SourceDate "2003.11.25"]
[SourceVersion "1"]
[SourceVersionDate "2003.11.25"]
[SourceQuality "1"]

1. e4 d5 2. d4 dxe4 3. f3 Nf6 4. fxe4 Nxe4 5. Nc3 Nxc3 6. bxc3 e6 7. Nf3 Nd7 8. Bd3 Be7 9. 0-0 Nf6 10. Qe1 b6 11. Ne5 Bd7 12. Qg3 g6 13. Qf3 0-0 14. Bh6 Rb8 15. Bxf8 Qxf8 16. Nxd7 Nxd7 17. Qc6 Qd8 18. Rf3 Nf6 19. Raf1 Kg7 20. g4 h6 21. h4 g5 22. hxg5 hxg5 23. Rh3 Qd6 24. Qh1 Rg8 25. Rh7+ Kf8 26. Qf3 Qd8 27. Rh6 Kg7 28. Rh5 Kf8 29. Rh6 Kg7 30. Qh3 Kf8 31. Rh8 Ke8 32. Bb5+ 1-0

[Event "Schleswig Holstein-ch cand-B 56th"]
[Site "Eckernfoerde"]
[Date "2001.04.??"]
[Round "8"]
[White "Kanzmeier, Erwin"]
[Black "Toepper, Olaf"]
[Result "0-1"]
[WhiteElo "1746"]
[BlackElo "1868"]
[PlyCount "34"]
[EventDate "2001.04.??"]
[EventType "swiss"]
[EventRounds "9"]
[EventCountry "GER"]
[SourceTitle "EXT 2004"]
[Source "ChessBase"]
[SourceDate "2003.11.25"]
[SourceVersion "1"]
[SourceVersionDate "2003.11.25"]
[SourceQuality "1"]

1. e4 d5 2. exd5 Qxd5 3. Nc3 Qa5 4. d4 c6 5. Bc4 Bf5 6. Bd2 e6 7. Nf3 Nf6 8. 0-0 Qc7 9. Re1 Nbd7 10. Bb3 Bd6 11. Qe2 0-0-0 12. Ne5 Nxe5 13. dxe5 Bxe5 14. Be3 Bxh2+ 15. Kh1 Bd6 16. Bxa7 Ng4 17. a4 Bc5 0-1